Inter-cellular Electrical Signals in Plant Adaptation and Communication (Record no. 31092)

MARC details
000 -LEADER
fixed length control field 00664nam a2200133Ia 4500
008 - FIXED-LENGTH DATA ELEMENTS--GENERAL INFORMATION
fixed length control field 220620s9999||||xx |||||||||||||| ||und||
022 ## - INTERNATIONAL STANDARD SERIAL NUMBER
International Standard Serial Number 16648714
100 ## - MAIN ENTRY--PERSONAL NAME
Personal name Vicenta Salvador-Recatal||Kazimierz Trebacz||Simon Gilroy
245 #0 - TITLE STATEMENT
Title Inter-cellular Electrical Signals in Plant Adaptation and Communication
546 ## - LANGUAGE NOTE
Language note English[eng]
650 ## - SUBJECT ADDED ENTRY--TOPICAL TERM
Topical term or geographic name entry element nitric oxide||environmental stress||photosynthesis||Arabidopsis||phloem||intracellular calcium||circumnutation||action potential||plant electrophysiology||ion channels
856 ## - ELECTRONIC LOCATION AND ACCESS
Uniform Resource Identifier <a href="https://www.frontiersin.org/research-topics/5230/inter-cellular-electrical-signals-in-plant-adaptation-and-communication">https://www.frontiersin.org/research-topics/5230/inter-cellular-electrical-signals-in-plant-adaptation-and-communication</a>
942 ## - ADDED ENTRY ELEMENTS (KOHA)
Koha item type E-Books
Holdings
Withdrawn status Lost status Damaged status Not for loan Home library Current library Date acquired Total Checkouts Date last seen Price effective from Koha item type
        Kerala University of Digital Sciences, Innovation and Technology Knowledge Centre Kerala University of Digital Sciences, Innovation and Technology Knowledge Centre 20/06/2022   20/06/2022 20/06/2022 E-Books